00293nam a2200121Ia 4500003000400000005001700004008004100021020001900062040002700081100001700108245002800125260001800153OSt20240102090504.0170524s9999 xx 000 0 und d a978-8120333093 ciimt university meerut aTopchik Garg 4aThe Accidential Manager aNew Delhi:PHI